INTRODUCTION TO MEASUREMENTS AND INSTRUMENTATION (Record no. 8223)

MARC details
000 -LEADER
fixed length control field 00611nam a22001697a 4500
003 - CONTROL NUMBER IDENTIFIER
control field SGT
020 ## - INTERNATIONAL STANDARD BOOK NUMBER
International Standard Book Number 9788120346253
082 ## - DEWEY DECIMAL CLASSIFICATION NUMBER
Classification number 621.381
Item number GHO
100 ## - MAIN ENTRY--PERSONAL NAME
Personal name GHOSH,ARUN K
245 ## - TITLE STATEMENT
Title INTRODUCTION TO MEASUREMENTS AND INSTRUMENTATION
250 ## - EDITION STATEMENT
Edition statement 4TH
260 ## - PUBLICATION, DISTRIBUTION, ETC. (IMPRINT)
Place of publication, distribution, etc NEW DELHI
Name of publisher, distributor, etc PHI
Year of Publication 2013
300 ## - PAGE DESCRIPTION
No. of Pages 919
650 ## - SUBJECT ADDED ENTRY--TOPICAL TERM
Topical term or geographic name as entry element ELECTRONICS ENGINEERING
653 ## - KEYWORDS--INDEX TERM
Keyword term ESTIMATION OF STATIC ERRORS AND RELIABILITY,DYNAMIC CHARACTERISTICS OF INSTRUMENTS,TRANSDUCERS, DISPLACEMENT MEASUREMENT, STRAIN MEASUREMENT, PRESSURE MEASUREMENT, ACCELERATION FORCE AND TORQUE MEASUREMENT,TEMPERATURE MEASUREMENT
942 ## - ADDED ENTRY ELEMENTS (KOHA)
Source of classification or shelving scheme Dewey Decimal Classification
Koha item type Books
Holdings
Withdrawn status Lost status Source of classification or shelving scheme Damaged status Use restrictions Not for loan Collection code Home library Current library Shelving location Date acquired Vendor Name Cost, normal purchase price SGTU Full call number Accession No. (Barcode) Date last seen Bill Date Koha item type
    Dewey Decimal Classification   Restricted Access Not For Loan ENGINEERING SGT Engineering Library SGT Engineering Library Reference Book 11/01/2016 GIFTED 550.00 SGTU 621.381 GHO FE6492 11/01/2016 11/01/2016 Books